00724nam a2200157 a 450000100100000000500170001000800410002704000250006811101060009324500520019926000520025130000340030395201060033795201060044399900170054900002740420200930030817.0130313s2000 dr a 000 0 spa d aDO-SdBNPbspacBNPHU2 aSeminario Latinoamericano de Contadores y Auditoresn(5:d2000: 19-20 octubrecSanto Domingo )95447610aActualización, tecnología y valor agregado. aSanto Domingo :bSomos Artes Gráficas,c2000. a352 p. :bil.,rets. ;c22 cm. 00107-18PDaPDbPDcOId2011-03-31iLF1l0o p27404-10r2020-06-25w2020-06-25yLFPDZNo se presta 00107-18PDaPDbPDcOId2011-03-31iLF1l0o p27405-10r2020-06-25w2020-06-25yLFPDZNo se presta c26896d26896